000 00795nam a22002172 4500
001 0000018980
005 20151217152142.0
008 100824s xx 000 0 eng d
020 _a9966923195 :
040 _aKABU
_cKABU
111 2 _aGlobal Consortium of Higher Education and Research for Agriculture Conference
_cNairobi, Kenya :
_d2009 Nov., 23rd - 27th :
_n6th.
_@0000178495
245 1 0 _aFood, health and energy :
_bchallenges for sustainable agriculture.
250 _a1st ed.
260 _aNairobi :
_bJKUAT,
_c2010.
300 _aviii, 219 p.
650 0 _aAgriculture
_xResearch
_xCongresses.
_@0000155437
852 1 _9p500 KES
852 1 _9p500 KES
908 _a100824
950 _@1
999 _c8741
_d8741